000 00942 a2200253 4500
005 20251215170341.0
008 251215b |||||||| |||| 00| 0 eng d
020 _a9781350288690 (pbk)
037 _cTB
040 _aAL
_cAL
041 _2eng
_aeng
084 _aO111,2J64:g R3
_qAL
100 _aRodrigues, Don
_9848564
245 _aShakespeare's queer analytics:
_bdistant reading and collaborative intimacy in love's martyr
260 _aLondon, UK;
_aNew York, USA:
_bThe Arden Shakespeare,
_c2023.
300 _axv, 274p.
365 _b28.99
_cUKP
490 _aThe Arden Shkespeare studies in language and digital methdologies
650 _aEnglish Literature
_9856804
650 _aEnglish Drama
_9856805
650 _aWilliam Shakespear
_9856806
942 _cTB
_2CC
_n0
_hO111,2J64:g R3
999 _c1464812
_d1464812